|
|
|
|
| LEADER |
00000nam0a2200000 4500 |
| 001 |
107965 |
| 005 |
20231031115457.0 |
| 010 |
|
|
|a 3443590519
|
| 035 |
|
|
|a (RuTPU)RU\TPU\book\116555
|
| 090 |
|
|
|a 107965
|
| 100 |
|
|
|a 20070111d1993 k y0engy50 ba
|
| 101 |
0 |
|
|a eng
|
| 102 |
|
|
|a DE
|
| 105 |
|
|
|a a z 001zy
|
| 200 |
1 |
|
|a Artic and Alpine Mycology 3-4
|a Proceedings of the Third and Fourth International Symposium on Arcto-Alpine Mycology
|f под ред. O. Petrini, G. A. Laursen
|
| 210 |
|
|
|a Berlin
|c J. Cramer
|d 1993
|
| 215 |
|
|
|a 269 p.
|c il.
|
| 225 |
1 |
|
|a Bibliotheca Mycologica
|v Band 150
|
| 320 |
|
|
|a Index: p. 259-269.
|
| 610 |
1 |
|
|a ботаника
|
| 610 |
1 |
|
|a грибы
|
| 610 |
1 |
|
|a микология
|
| 675 |
|
|
|a 582
|v 3
|
| 702 |
|
1 |
|a Petrini
|b O.
|g Orlando
|4 340
|
| 702 |
|
1 |
|a Laursen
|b G. A.
|g Gary A.
|4 340
|
| 801 |
|
1 |
|a RU
|b 63413507
|c 20070111
|g PSBO
|
| 801 |
|
2 |
|a RU
|b 63413507
|c 20070130
|g PSBO
|
| 942 |
|
|
|c BK
|